000 00212nam a22000857a 4500
008 161108b xxu||||| |||| 00| 0 eng d
100 _91087
_aLal K. S
245 _aPrevention of BURNS
260 _aNew Delhi
_bN B T
_c2005
999 _c3747
_d3747